MDQL
is popping MORE tags! Check the
thread
!
Quizzes
Events
Quiz Creation
Community
Videos
Private Events
Remove Ads
Sign In
Join for FREE
Feedback
Dark Mode
Quiz Categories
Sports
Geography
Music
Movies
Television
Just For Fun
Miscellaneous
History
Literature
Language
Science
Gaming
Entertainment
Religion
Holiday
For Kids
Quiz Lab
Recent
Popular Today
Quiz Kudos Today
Editor Picks
Curator Picks
Quizzes by...
Day
Popularity
Type
Ratings
Length
Year
Community
Subscriptions
Recent Discussions
Orange Saloon
Badges
Playlists
Quests
Create
Leaderboards
Showdown
Live 5
Trivia Bingo
Activity
Puzzle Library
Sporcle Events
Private Events
Virtual Trivia
Globe League
Become a Host
Pub Owners
SporcleCon
Opinionation
Our Games
Videos
Blog
Mobile Apps
Partnerships
Remove Ads and Go Orange
Feedback
Movies
Disney
Marvel Cinematic Universe
Movie Resume
Movie Titles
Oscar
Actor
Actress
Director
Pixar
Role
Movie Quotes
Movie Characters
Box Office
Nominee
Best Picture
Star Wars
James Bond
Horror Movies
Movies
Disney
Marvel Cinematic Universe
Movie Resume
Movie Titles
Oscar
Actor
Actress
Director
Pixar
Role
Movie Quotes
Movie Characters
Box Office
Nominee
Best Picture
Star Wars
James Bond
Horror Movies
Random Quiz
Search Sporcle
×
Quiz Lab
Quiz Lab
Movies
Japan
Type in answers that appear in a list
Type in answers that appear in a list
Classic
Best Score? Go Orange.
Ultimate Beat Takeshi Stats
Can you name the things about Beat Takeshi?
By
kingofthewings
10m
56 Questions
9 Plays
9 Plays
9 Plays
Comments
Comments
Give Quiz Kudos
Give Quiz Kudos
-
- Ratings
hide this ad
Replay
Link that replays current quiz
Next Quiz
Link to next quiz in quiz playlist
You Got
0%
They Got
Avg Score
37%
Avg Friend Score
Upgrade to see
Score Distribution
Jump to the score distribution portion of the page
Score
0/56
Timer
10:00
0
Plays Today
% Correct
Takeshi Kitano
88.9%
Tokyo
66.7%
Takeshis
66.7%
Takeshis
66.7%
Edo
66.7%
Violent Cop
55.6%
Sonatine
55.6%
Hana-bi
55.6%
Zatoichi
55.6%
Glory to the Filmmaker!
55.6%
Achilles and the Tortoise
55.6%
Outrage
55.6%
Violent Cop
55.6%
Sonatine
55.6%
Glory to the Filmmaker!
55.6%
Achilles and the Tortoise
55.6%
Outrage
55.6%
1994
55.6%
Boiling Point
44.4%
A Scene at the Sea
44.4%
Kids Return
44.4%
Kikujiro
44.4%
Dolls
44.4%
Boiling Point
44.4%
Kikujiro
44.4%
red
44.4%
Two Beat
44.4%
1947
33.3%
% Correct
Getting Any
33.3%
Brother
33.3%
Merry Christmas, Mr. Lawrence
33.3%
Getting Any
33.3%
Johnny Mnemonic
33.3%
Hana bi
33.3%
Brother
33.3%
Battle Royale
33.3%
Brother
33.3%
o
33.3%
tap dancing
33.3%
Gonin
22.2%
Taboo
22.2%
Battle Royale II: Requiem
22.2%
Izo
22.2%
Beatnik Radio
11.1%
All Night Nihon
11.1%
Makoto
11.1%
Go, Go Second Time Virgin
11.1%
Dump Migratory Bird
11.1%
Manon
11.1%
Completely With That Air!
11.1%
Secret of Summer
11.1%
Tokyo Eyes
11.1%
Battle Royale Special Edition
11.1%
Blood and Bones
11.1%
Atsushi
11.1%
Shoko
11.1%
Quiz Playlist
Details
Report
Send in Message
Add To Playlist
Classic:
Type in answers that appear in a list
Quiz Source
Last Updated: Feb 16, 2017
Quiz Scoreboard
CHALLENGE
Sign Up to Join the Scoreboard
Show All
Scores
Hide
Comments
May contain spoilers
Recently Published
Holiday 10x10 Sorting Gallery
by lukepisani3
Holiday
15m
Two Season TV Shows II
by 123Four
Television
10m
Image Sorting: Flags VI
by Barbecue
Geography
2m
More to Explore
Quiz From the Vault
Featured Blog Post
14 Easter Pick-up Lines to Find Eggs With
hide this ad
You Might Also Like...
Tags
Barack Obama
beat
Japan
ultimate
Today's Top Quizzes in Movies
Browse Movies
hide this ad
Today's Top Quizzes in Japan
Browse Japan
Top Contributed Quizzes in Movies
1
The ultimate James Bond movie quiz
2
Find The 'Big' Movie
3
Find The 'Wild' Movie
4
Find The 'Blue' Movie
5
Movies By Plot
6
Hidden Star Wars Character II
7
25 Best Actor Nominees (1990s)
8
Hidden Star Wars Character III
9
😉 2024 Oscar Nominees by Emoji
10
Hidden Star Wars Character IV
Explore More
Trending Topics
Disney
Crossword
NBA
Harry Potter
Kpop
Marvel
Anime
Pokémon
WWE
Puzzle
Soccer
Country
The Office
NFL
Song
hide this ad
More By:
kingofthewings
Quiz
Plays
Rating
Category
Featured
Created
Fly Me To The Moon Frank Sinatra Lyrics
2,663
2.88
Music
Feb 12, 2011
Big Ten Conference East to West
309
3.00
Sports
Mar 27, 2010
Which cities in Japan have wards?
287
4.63
Geography
May 21, 2010
Biggest US Law Firms
202
4.00
Just For Fun
Apr 16, 2011
Joanna Newsom Songs
139
5.00
Music
Mar 1, 2011
Go to Creator's Profile
Score Distribution
Quiz Creator Spotlight
kingofthewings
Follow
Send a Message
Quizzes Created
-
Created Quiz Play Count
-
More By This Creator
Popular Quizzes Today
1
Find the US States - No Outlines Minefield
2
Colored Red Africa Blitz
3
Find the 'City' Movie
4
The Countries of the World
5
Find the US States
6
5x2 Blitz: Bands
7
Find the Countries of Europe - No Outlines Minefield
8
US States
More Movies Quizzes
Ten Word Hints for Ten Letter Films
Published
Trending Quizzes
Colored Red Europe Blitz I
Colored Red Europe Blitz II
Colored Red Africa Blitz II
Colored Red Europe Blitz III
Colored Red Africa Blitz III
Recently Updated
Odd Team Out - Big 4 Players
pecheneg
Quick Pick: 20 Twenties
pecheneg
March Madness Men's Triple Doubles
pecheneg
How Do You Spell That?
pecheneg
Godzilla Movies
pecheneg
Grab Bag: 4-10 Letters
pecheneg
2024 March Madness Bracket
pecheneg
Famous TV Couples
Peacemaker
Champions League XIs: Real Madrid
pecheneg
Largest US Cities 1790-2010
pecheneg
Trending Topics
Marvel
Kpop
NBA
Harry Potter
Disney
Anime
Crossword
Puzzle
Country
Pokémon
NFL
WWE
The Office
Song
Soccer
Your Account Isn't Verified!
In order to create a playlist on Sporcle, you need to verify the email address you used during registration. Go to your
Sporcle Settings
to finish the process.
Report this User
Report this user for behavior that violates our
Community Guidelines
.
Details:
Send Report
Go to the Sporcle.com Mobile Site →
Comments